000 00478nam a2200169Ia 4500
008 240729s9999 xx 000 0 und d
022 _a2251-9920
245 0 _aJournal of Caring Sciences
260 _aIran, Islamic Republic of
260 _bTabriz University of Medical Sciences
650 _a General works
650 _a Medicine (General)
650 _aMedicine
856 _uhttps://doaj.org/toc/f889e8dc0c10446b9c571a98156d332c
942 _2ddc
942 _cDOAJEJ
999 _c71029
_d71029
945 _a1
_bMadushi Gamage
_c1
_dMadushi Gamage